000 01359nam0a22002891 4500
001 rc\2556578
005 20260406010136.0
035 _a(NLR Aleph) 006721520
090 _a5448455
_c5448455
100 _a20110914d1927 |||y0rusy50 ca
101 0 _arus
102 _aRU
105 _ay z |||||
200 1 _aЦелестины Кулойско-Пинежского края Архангельской губернии
_e(представлено акад. А. Е. Ферсманом в заседании Отд. Физ.-Мат. наук 9 февраля 1927 г.)
210 _a[Б. м.
_cб. и.
_d1927]
300 _aОтт. из: Известия Академии наук СССР. 1927. Стр. 185-194
488 1 _171002$3RU\NLR\AUTH\881046$aАН СССР
_aАН СССР
606 1 _aЦелестин
_xМесторождения
_yАрхангельская губерния
_92181463
_3RU\NLR\AUTH\6601548331
617 _aСССР
_mЕвропейская часть
_mСевер
_cАрхангельская губерния
686 _aД451.739-09(2Р31-4Арх)
700 1 _8rus
_7ca
_aЕдемский
_bМ. Б.
_f1870-1933
_gМихаил Борисович
_3RU\NLR\AUTH\77115615
_998540
801 0 _aRU
_bNLR
_gpsbo
801 1 _aRU
_bELAR
_2rusmarc
801 2 _aRU
_bNLR
_c20140417
_2rusmarc
852 _aNLR
_j94/397
942 _cBOOK
980 _aNB